000
00273nam a2200109 a 4500
005
20201002044930.0
008
140404s1972 000 spa d
100
_a
Tolstoi, Leon
_9
46625
245
0
_a
Cuentos.
260
_a
Madrid -- Libra,
_c
1972 -- 188 p.
999
_c
43202
_d
43202
040
_a
DO-SdBNP